000 00406nam a22001457a 4500
008 250605b |||||||| |||| 00| 0 eng d
020 _a9781788826143
050 _aQR 51
_b.J 30
100 _aJamess Andrew
245 _aSoil and agricultural microbiology
260 _aUnited Kingdom
_bEd-tech press
_c2021
300 _a357p
650 _aAgricultural microbiology
_vsoil microbiology
942 _cBK
999 _c3819
_d3819